La sociedad bloqueada
Shranjeno v:
| Glavni avtor: | |
|---|---|
| Format: | Knjiga |
| Jezik: | španščina |
| Izdano: |
Buenos Aires
Amorrortu
1972
|
| Serija: | Biblioteca de Sociología
|
| Teme: | |
| Oznake: |
Označite
Brez oznak, prvi označite!
|
MARC
| LEADER | 00000nam a2200000 a 4500 | ||
|---|---|---|---|
| 001 | UCK5112 | ||
| 003 | CL-VaPUC | ||
| 008 | 050708e19720000AG |||||||||||||||||spa|d | ||
| 082 | 0 | 4 | |a 301.9144 |b CRO |2 21 |
| 100 | 0 | |a Crozier, Michel |e author |9 493827 | |
| 245 | 1 | 3 | |a La sociedad bloqueada |
| 300 | |a 197 p | ||
| 942 | |c BK | ||
| 945 | |d 20050708 00:00:00 |a jcarroza | ||
| 260 | |a Buenos Aires |b Amorrortu |c 1972 | ||
| 650 | 0 | |a Condiciones sociales |9 257278 | |
| 650 | 0 | |a Sociología |9 255410 | |
| 651 | 0 | |a Francia |9 255157 | |
| 583 | |a last modification |c 20050708 00:00:00 |k Rodrigo Vera | ||
| 490 | 0 | |a Biblioteca de Sociología | |
| 999 | |c 313789 |d 313787 | ||
| 952 | |0 0 |1 0 |4 0 |6 301_914400000000000_CRO_1972 |7 0 |8 P |9 385300 |a BIBGIM |b BIBGIM |d 2019-11-22 |i 4143906 |o 301.9144 CRO 1972 |p 4143906 |r 2025-01-15 |w 2019-11-22 |y BK |k GIM | ||